000 00532nam a22001457a 4500
003 MACL
005 20170616120639.0
008 170616b xxu||||| |||| 00| 0 eng d
040 _cMACL
100 _aमिथिलेश्‍वर
_945164
245 _aमिथिलेश्‍वर की पुरस्‍क्रत कहानियॉं
260 _aदिल्‍ली
_bइन्‍द्रप्रस्‍थ प्रकाशन
_c2010
650 _aकहानियॉं
_967516
942 _2ddc
_cHIN
999 _c56566
_d56566